Journal of settlements and spatial planning

Publishes original theoretical and applied research studies on a large range of subjects addressed to urban and rural settlements and spatial planning.

Detalles Bibliográficos
Autor Corporativo: Universitatea "Babeș-Bolyai". Centrul de Cercetare a Așezărilor și Urbanism
Formato: Electrónico Revista
Lenguaje:inglés
rumano
Publicado: [Cluj-Napoca, Romania] : Cluj University Press, [2010]-
Materias:
Acceso en línea:Full text available from Research Library: 01/01/2012 to present

MARC

LEADER 00000nas a2200000 i 4500
001 ssj0001073595
003 WaSeSS
005 20200512172242.0
006 m d
007 cr n
008 131220c20109999rm fr p s 0 a0eng c
010 |a  2014226060 
022 |a 2248-2199  |l 2069-3419 
035 |a (WaSeSS)ssj0001073595 
040 |a WaSeSS  |b eng  |e pn  |c CUD  |d AU@  |d JPG  |d OCLCO  |d JPG  |d OCLCO  |d CUS  |d OCLCF  |d ZCU  |d Z5A  |d OCLCQ  |d WaSeSS 
041 0 |a eng  |a rum 
042 |a pcc 
050 1 4 |a HT166  |b .J68 
210 1 |a J. Settl. Spat. Plan.  |b (Online) 
222 0 |a Journal of Settlements and Spatial Planning  |b (Online) 
245 0 0 |a Journal of settlements and spatial planning  |h [electronic resource]. 
246 3 |a JSSP 
260 |a [Cluj-Napoca, Romania] :  |b Cluj University Press,  |c [2010]- 
310 |a Semiannual 
362 1 |a Began with vol. 1, no. 1 (2010). 
500 |a Edited by the Centre for Research on Settlements and Urbanism. 
500 |a Site navigation in English and Romanian. 
506 |a License restrictions may limit access. 
520 |a Publishes original theoretical and applied research studies on a large range of subjects addressed to urban and rural settlements and spatial planning. 
588 |a Description based on: Vol. 1, No. 1 (2010); title from journal home page (publisher's Web site, viewed July 8, 2014). 
588 |a Latest issue consulted: Vol. 5, No. 1 (2014) (viewed July 8, 2014). 
650 0 |a City planning  |v Periodicals. 
650 0 |a Human settlements  |v Periodicals. 
650 7 |a City planning.  |2 fast  |0 (OCoLC)fst00862177 
650 7 |a Human settlements.  |2 fast  |0 (OCoLC)fst00963433 
655 0 |a Electronic journals. 
710 2 |a Universitatea "Babeș-Bolyai".  |b Centrul de Cercetare a Așezărilor și Urbanism. 
776 0 8 |i Print version:  |t Journal of settlements and spatial planning  |x 2069-3419 
856 4 0 |z Full text available from Research Library: 01/01/2012 to present  |u https://search.proquest.com/publication/1766360